[Event "Prestwick Airport Open"]
[Site "Prestwick"]
[Date "2011.05.15"]
[Round "5"]
[White "Marks, Ian A"]
[Black "Roy, Ali"]
[Result "0-1"]
[WhiteElo "1887"]
[BlackElo "1806"]
[PlyCount "74"]
[EventDate "2011.05.15"]
[EventRounds "5"]
[EventCountry "SCO"]

1. c4 c6 2. e4 d5 3. exd5 cxd5 4. d4 Nf6 5. Nc3 e6 6. Nf3 Be7 7. cxd5 Nxd5 8.
Bc4 O-O 9. O-O Nc6 10. Re1 Nf6 11. Bg5 a6 12. a4 Qb6 13. Qd3 Bd7 14. Rad1 Rac8
15. Ne5 Rfd8 16. Nxc6 Bxc6 17. Ba2 Qc7 18. Bb1 g6 19. Qh3 Nd5 20. Ne4 Nf4 21.
Qh4 Bxg5 22. Nxg5 h5 23. Be4 Bxa4 24. Bxb7 Qxb7 25. Qxf4 Bxd1 26. Rxd1 Qc7 27.
Qf3 Rd5 28. Ne4 Rf5 29. Qd3 Qc2 30. Qxc2 Rxc2 31. f3 Rxb2 32. Ra1 a5 33. Nc5
Rb5 34. Kf2 Rd5 35. Ke3 e5 36. Ke4 Rxd4+ 37. Kxe5 Rc4 0-1

[Event "Prestwick Airport Open"]
[Site "Prestwick"]
[Date "2011.05.15"]
[Round "5"]
[White "Malkin, Kenneth"]
[Black "Mannion, Stephen R"]
[Result "0-1"]
[WhiteElo "1811"]
[BlackElo "2369"]
[PlyCount "62"]
[EventDate "2011.05.15"]
[EventRounds "5"]
[EventCountry "SCO"]

1. e4 e5 2. Nf3 Nc6 3. Nc3 Nf6 4. Bc4 Bc5 5. d3 h6 6. h3 a6 7. a3 d6 8. Be3 O-O
9. Qd2 Be6 10. Nd5 Nd4 11. Bxd4 exd4 12. c3 Bxd5 13. exd5 Re8+ 14. Kd1 dxc3 15.
bxc3 Qd7 16. Re1 Qa4+ 17. Qc2 Qxc2+ 18. Kxc2 Bxf2 19. Rxe8+ Rxe8 20. a4 Re2+
21. Kd1 Re7 22. a5 g5 23. Ra2 Be3 24. Rb2 b5 25. axb6 cxb6 26. Bxa6 Nxd5 27.
Kc2 Nf4 28. d4 Nxg2 29. Rxb6 Bf4 30. Bc4 d5 31. Bd3 Re3 0-1

[Event "Prestwick Airport Open"]
[Site "Prestwick"]
[Date "2011.05.15"]
[Round "4"]
[White "MacCallum, Iain"]
[Black "Brown, Steven A"]
[Result "0-1"]
[WhiteElo "1565"]
[BlackElo "1955"]
[PlyCount "64"]
[EventDate "2011.05.15"]
[EventRounds "5"]
[EventCountry "SCO"]

1. e4 c5 2. d4 cxd4 3. c3 dxc3 4. Nxc3 Nc6 5. Nf3 d6 6. Bc4 Nf6 7. h3 a6 8. O-O
e6 9. Qe2 Be7 10. Rd1 Qc7 11. Bf4 Ne5 12. Bxe5 dxe5 13. Rac1 O-O 14. Bb3 Qb8
15. Rd3 b5 16. Rcd1 Ra7 17. Nh2 Rd7 18. Ng4 Rxd3 19. Nxf6+ Bxf6 20. Rxd3 Qc7
21. Qd2 Rd8 22. Rxd8+ Qxd8 23. Qxd8+ Bxd8 24. f3 Kf8 25. Kf2 Ke7 26. Bc2 Kd6
27. Ke3 Kc5 28. Kd3 a5 29. b3 Ba6 30. Kd2 Bg5+ 31. Kd1 Kd4 32. Ne2+ Ke3 0-1

[Event "Prestwick Airport Open"]
[Site "Prestwick"]
[Date "2011.05.15"]
[Round "5"]
[White "Grant, Alan G"]
[Black "Tsang, Sai Kong"]
[Result "1/2-1/2"]
[WhiteElo "2185"]
[BlackElo "1891"]
[PlyCount "53"]
[EventDate "2011.05.15"]
[EventRounds "5"]
[EventCountry "SCO"]

1. e4 c5 2. Nf3 g6 3. Nc3 Bg7 4. Bc4 Nc6 5. O-O Nf6 6. d3 O-O 7. h3 d6 8. a3 a6
9. Bf4 Nd7 10. Qd2 Nde5 11. Nxe5 Nxe5 12. Ba2 Nc6 13. Rad1 e6 14. Bh6 Bd7 15.
Bxg7 Kxg7 16. f4 Qb6 17. f5 h6 18. f6+ Kh7 19. Nb1 c4+ 20. Kh1 cxd3 21. cxd3
Qd4 22. Rf4 g5 23. Rf3 Ne5 24. Re3 Rg8 25. Nc3 Rac8 26. Rg3 b5 27. Qe3 1/2-1/2

[Event "Prestwick Airport Open"]
[Site "Prestwick"]
[Date "2011.05.15"]
[Round "5"]
[White "Frew, Elliot"]
[Black "Spencer, Edwin A"]
[Result "1-0"]
[WhiteElo "2214"]
[BlackElo "2148"]
[PlyCount "104"]
[EventDate "2011.05.15"]
[EventRounds "5"]
[EventCountry "SCO"]

1. Nf3 f5 2. d4 Nf6 3. g3 e6 4. Bg2 Be7 5. O-O O-O 6. c4 d6 7. Nc3 a5 8. b3 Ne4
9. Bb2 Nxc3 10. Bxc3 Qe8 11. Qd2 a4 12. b4 Nd7 13. Rac1 Qh5 14. Qd3 g5 15. Rfe1
Rf6 16. Nd2 Rh6 17. Nf1 Nf8 18. e4 f4 19. e5 Ng6 20. exd6 cxd6 21. c5 d5 22.
Bd2 Bd7 23. f3 fxg3 24. hxg3 Rf8 25. Rc3 Bd8 26. b5 Ba5 27. Rc2 Bxd2 28. Rxd2
Kh8 29. Rc1 Rg8 30. c6 bxc6 31. bxc6 Bc8 32. Qe3 Rf8 33. Rc3 Kg8 34. Ra3 Ne7
35. c7 Qe8 36. Qxg5+ Rg6 37. Qe5 Nc6 38. Qe3 Na5 39. Rc2 Nc4 40. Qc1 Nxa3 41.
Qxa3 Qd7 42. Kf2 Ba6 43. Ne3 e5 44. Qc5 Bb7 45. Nxd5 Rd6 46. Nb6 Rxb6 47. Qxb6
Qd5 48. dxe5 Kg7 49. Qd6 Rxf3+ 50. Kg1 Qe4 51. Bxf3 Qxc2 52. Bxb7 Qb1+ 1-0

[Event "Prestwick Airport Open"]
[Site "Prestwick"]
[Date "2011.05.15"]
[Round "?"]
[White "Doyle, James"]
[Black "Surtees, Mike J"]
[Result "0-1"]
[WhiteElo "1897"]
[BlackElo "2148"]
[PlyCount "78"]
[EventDate "2011.05.15"]
[EventRounds "5"]
[EventCountry "SCO"]

1. d4 c6 2. c4 f6 3. Nc3 e5 4. dxe5 fxe5 5. e4 Nf6 6. Nf3 Bb4 7. Bd3 d6 8. h3
Na6 9. Bd2 O-O 10. a3 Bxc3 11. Bxc3 Nc5 12. b4 Ncxe4 13. Bb2 h6 14. Qc2 Ng5 15.
Nxg5 hxg5 16. Bf5 Nh5 17. Bh7+ Kh8 18. O-O-O Qe7 19. g3 b6 20. Bg6 Nf6 21. Qd2
Qe6 22. Qc2 c5 23. h4 g4 24. h5 Bb7 25. h6 Bxh1 26. Rxh1 cxb4 27. Bf5 Qg8 28.
hxg7+ Kxg7 29. Qd2 Rad8 30. Rh6 Qxc4+ 31. Kb1 Kf7 32. Qg5 Ke7 33. f4 gxf3 34.
Rh7+ Rf7 35. Rxf7+ Qxf7 36. Qc1 f2 37. g4 bxa3 38. Bxa3 Qb3+ 39. Bb2 Qb5 0-1

[Event "Prestwick Airport Major"]
[Site "Prestwick"]
[Date "2011.05.13"]
[Round "1"]
[White "Alomenu, Gilbert"]
[Black "Livie, George W G"]
[Result "0-1"]
[WhiteElo "1154"]
[BlackElo "1618"]
[PlyCount "70"]
[EventDate "2011.05.15"]
[EventRounds "5"]
[EventCountry "SCO"]

1. d4 Nf6 2. Nf3 b6 3. Bf4 Bb7 4. e3 g6 5. Be2 Bg7 6. c3 O-O 7. Ne5 d6 8. Ng4
Nxg4 9. Bxg4 e5 10. Bg3 Nd7 11. h4 Nf6 12. h5 Bc8 13. Bxc8 Rxc8 14. hxg6 fxg6
15. Bh4 Qe8 16. Nd2 exd4 17. cxd4 d5 18. Bg5 Qe6 19. Bxf6 Bxf6 20. Qe2 c5 21.
Rc1 cxd4 22. Rxc8 Rxc8 23. O-O dxe3 24. fxe3 Bxb2 25. Qf3 Bg7 26. Qg3 Re8 27.
Nf3 Qxe3+ 28. Kh1 Rf8 29. Re1 Qc3 30. Qd6 Qc4 31. Qe6+ Kh8 32. Ne5 Qh4+ 33. Qh3
Qxe1+ 34. Kh2 Bxe5+ 35. g3 Rf2+ 0-1

[Event "Prestwick Airport Major"]
[Site "Prestwick"]
[Date "2011.05.13"]
[Round "1"]
[White "Birnie, Alan J"]
[Black "Curran, Andrew D"]
[Result "1-0"]
[WhiteElo "1699"]
[BlackElo "1458"]
[PlyCount "65"]
[EventDate "2011.05.15"]
[EventRounds "5"]
[EventCountry "SCO"]

1. e4 e5 2. Nf3 Nc6 3. d4 exd4 4. Nxd4 Bc5 5. Be3 Qf6 6. c3 Nge7 7. Bc4 b6 8.
O-O Bb7 9. Qd2 Ne5 10. Be2 Bxe4 11. f3 Bb7 12. b4 Bxd4 13. cxd4 N5c6 14. b5 Na5
15. Nc3 O-O-O 16. Rac1 h6 17. d5 Kb8 18. Ne4 Qf5 19. d6 cxd6 20. Nxd6 Qe6 21.
Bf4 Ka8 22. Rfe1 Qf6 23. Bf1 Ng6 24. Bg3 h5 25. Bc4 Nxc4 26. Rxc4 h4 27. Bf4 h3
28. Bg5 Qe6 29. Rxe6 dxe6 30. Bxd8 Rxd8 31. Qc1 Ne7 32. Nxb7 Rd7 33. Rc7 1-0

[Event "Prestwick Airport Major"]
[Site "Prestwick"]
[Date "2011.05.13"]
[Round "1"]
[White "Cunningham, Jim M"]
[Black "Connor, Michael I"]
[Result "1-0"]
[WhiteElo "1462"]
[BlackElo "1690"]
[PlyCount "75"]
[EventDate "2011.05.15"]
[EventRounds "5"]
[EventCountry "SCO"]

1. e4 Nf6 2. Bc4 d5 3. exd5 Nxd5 4. Qf3 c6 5. Nc3 Be6 6. Nge2 g6 7. Nd4 Bg7 8.
Nxe6 fxe6 9. O-O Qd7 10. Re1 b5 11. Bb3 Na6 12. Ne4 O-O-O 13. a4 Rdf8 14. Qg3
b4 15. Bc4 Ndc7 16. Qe3 Bd4 17. Qd3 Nc5 18. Nxc5 Bxf2+ 19. Kh1 Bxc5 20. Qe4 Rf2
21. c3 bxc3 22. dxc3 Rhf8 23. Bh6 R8f5 24. Rad1 Bd6 25. b4 Rh5 26. Be3 Rxh2+
27. Kg1 Rfxg2+ 28. Qxg2 Rxg2+ 29. Kxg2 Nd5 30. Bd4 e5 31. Bxd5 cxd5 32. Bf2
Qg4+ 33. Kf1 Qh3+ 34. Ke2 Qxc3 35. Rc1 Bxb4 36. Rxc3+ Bxc3 37. Rc1 d4 38. Be1
1-0

[Event "Prestwick Airport Major"]
[Site "Prestwick"]
[Date "2011.05.13"]
[Round "1"]
[White "Deary, David"]
[Black "Calder, John"]
[Result "1-0"]
[WhiteElo "1530"]
[BlackElo "1797"]
[PlyCount "59"]
[EventDate "2011.05.15"]
[EventRounds "5"]
[EventCountry "SCO"]

1. e4 e5 2. Bc4 Nf6 3. d3 Nc6 4. Ne2 Bc5 5. O-O h6 6. Nbc3 a6 7. a3 b5 8. Ba2
O-O 9. b4 Ba7 10. Be3 Nd4 11. Nd5 c6 12. Nxf6+ Qxf6 13. Nxd4 exd4 14. Bd2 d6
15. f4 Bb7 16. Qh5 Kh7 17. Rf3 g6 18. Qh3 Bc8 19. g4 c5 20. Bd5 Rb8 21. e5 Qg7
22. Qh4 dxe5 23. fxe5 Bb7 24. Bxb7 Rxb7 25. Rh3 h5 26. gxh5 gxh5+ 27. Rg3 Qxe5
28. Rg5 Qe6 29. Qxh5+ Qh6 30. Rg7+ 1-0

[Event "Prestwick Airport Major"]
[Site "Prestwick"]
[Date "2011.05.13"]
[Round "1"]
[White "Forbes, Graeme"]
[Black "Malcolm, Duncan"]
[Result "0-1"]
[WhiteElo "1367"]
[BlackElo "1662"]
[PlyCount "104"]
[EventDate "2011.05.15"]
[EventRounds "5"]
[EventCountry "SCO"]

1. e4 e6 2. d4 d5 3. exd5 exd5 4. c4 Nf6 5. Nc3 Be6 6. cxd5 Nxd5 7. Nf3 Bb4 8.
Bd2 O-O 9. Be2 Nd7 10. a3 Nxc3 11. Bxc3 Bxc3+ 12. bxc3 Nf6 13. O-O c6 14. Rb1
Qc7 15. Qc2 Rad8 16. Rfd1 Rfe8 17. Ne5 g6 18. Bf3 Bf5 19. Nd3 b6 20. Qd2 Ne4
21. Bxe4 Bxe4 22. f3 Bf5 23. Rb2 c5 24. Qf4 Qxf4 25. Nxf4 cxd4 26. cxd4 Re3 27.
Ra2 g5 28. Ne2 Be6 29. Kf2 Rxf3+ 30. gxf3 Bxa2 31. Nc3 Bd5 32. Ne4 Bxe4 33.
fxe4 f6 34. d5 Kf7 35. Rc1 Rd7 36. Rc3 f5 37. Rf3 f4 38. Rh3 Kg6 39. Rc3 Kf6
40. Kf3 Ke5 41. Rc8 g4+ 42. Kxg4 Kxe4 43. Re8+ Kxd5 44. Kxf4 Kc5 45. Rc8+ Kb5
46. Rc3 Ka4 47. Ke4 a5 48. h4 b5 49. Ke5 b4 50. axb4 axb4 51. Rc1 b3 52. Ra1+
Kb4 0-1

[Event "Prestwick Airport Major"]
[Site "Prestwick"]
[Date "2011.05.13"]
[Round "1"]
[White "Glen, Hamish"]
[Black "King, Chris"]
[Result "1-0"]
[WhiteElo "1587"]
[BlackElo "1140"]
[PlyCount "75"]
[EventDate "2011.05.15"]
[EventRounds "5"]
[EventCountry "SCO"]

1. e4 e5 2. Nf3 d6 3. Bc4 Be6 4. Bxe6 fxe6 5. Nc3 Nf6 6. d3 Be7 7. h3 Nc6 8.
Be3 Qd7 9. Qd2 a6 10. a4 d5 11. exd5 exd5 12. d4 Ne4 13. Nxe4 dxe4 14. Nxe5
Nxe5 15. dxe5 Qxd2+ 16. Kxd2 Rd8+ 17. Ke2 O-O 18. Rad1 Rxd1 19. Rxd1 Rd8 20.
Rxd8+ Bxd8 21. Bf4 Kf7 22. Ke3 c6 23. Kxe4 Ke6 24. Be3 g6 25. f4 h6 26. g4 h5
27. gxh5 gxh5 28. f5+ Kf7 29. c4 Be7 30. Bd2 Bh4 31. b4 b6 32. b5 axb5 33. axb5
c5 34. Kd5 Bd8 35. Kc6 Ke8 36. Bf4 Kf8 37. e6 Ke7 38. Bg5+ 1-0

[Event "Prestwick Airport Major"]
[Site "Prestwick"]
[Date "2011.05.13"]
[Round "1"]
[White "MacQueen, Andrew"]
[Black "Perkin, Chris"]
[Result "0-1"]
[WhiteElo "1715"]
[BlackElo "1481"]
[PlyCount "88"]
[EventDate "2011.05.15"]
[EventRounds "5"]
[EventCountry "SCO"]

1. e4 e6 2. d4 d5 3. Nd2 dxe4 4. Nxe4 Bd7 5. Nf3 Bc6 6. Bd3 Nd7 7. Qe2 Ngf6 8.
Bg5 Be7 9. O-O O-O 10. Nxf6+ Nxf6 11. c3 Re8 12. Ne5 Qd5 13. f3 a6 14. a3 b5
15. Bxf6 Bxf6 16. Be4 Qd6 17. Nxc6 e5 18. d5 Bg5 19. Qd3 Qh6 20. Rae1 Bf4 21.
g3 Bd2 22. Re2 Bg5 23. Rfe1 g6 24. d6 cxd6 25. Qxd6 Re6 26. Qd1 Rc8 27. Nb4 Rd8
28. Qb3 Red6 29. Bd5 R8d7 30. Rxe5 a5 31. Nc6 Kg7 32. Nd4 Bd2 33. R1e2 Bg5 34.
Qxb5 Bf6 35. Rf5 Qc1+ 36. Kg2 Bxd4 37. Rxf7+ Rxf7 38. Bxf7 Qg1+ 39. Kh3 Qf1+
40. Kg4 h5+ 41. Kf4 Rf6+ 42. Ke4 Bg1 43. Bc4 Qxf3+ 44. Ke5 Qf5# 0-1

[Event "Prestwick Airport Major"]
[Site "Prestwick"]
[Date "2011.05.13"]
[Round "1"]
[White "Monaghan, Mark"]
[Black "Lampard, Alice"]
[Result "1/2-1/2"]
[WhiteElo "1675"]
[BlackElo "1357"]
[PlyCount "44"]
[EventDate "2011.05.15"]
[EventRounds "5"]
[EventCountry "SCO"]

1. d4 Nf6 2. c4 e6 3. Nc3 b6 4. Bg5 Bb7 5. Nf3 Be7 6. e3 Ne4 7. Bxe7 Qxe7 8.
Be2 d6 9. Qc2 Nxc3 10. Qxc3 Nd7 11. O-O O-O 12. Rfd1 Nf6 13. Qa3 c5 14. b4 cxb4
15. Qxb4 Rac8 16. a4 Rc7 17. Nd2 Rfc8 18. a5 bxa5 19. Rxa5 Ba8 20. Rda1 Ne4 21.
Nf3 Nf6 22. Nd2 Ne4 1/2-1/2

[Event "Prestwick Airport Major"]
[Site "Prestwick"]
[Date "2011.05.13"]
[Round "1"]
[White "O'Brien, Robert J"]
[Black "Gillespie, David M"]
[Result "0-1"]
[WhiteElo "1566"]
[BlackElo "1844"]
[PlyCount "54"]
[EventDate "2011.05.15"]
[EventRounds "5"]
[EventCountry "SCO"]

1. d4 f5 2. e3 Nf6 3. Bd3 g6 4. Nf3 Bg7 5. O-O d6 6. Nbd2 Nc6 7. Re1 O-O 8. c3
d5 9. a3 Ne4 10. Nb3 h6 11. Nfd2 e5 12. Nxe4 fxe4 13. Bf1 Qf6 14. Qc2 h5 15. c4
Ne7 16. cxd5 Nxd5 17. Bc4 c6 18. dxe5 Qxe5 19. Nd4 Kh7 20. Bxd5 cxd5 21. Bd2
Qg5 22. Bc3 Bh3 23. g3 h4 24. Qe2 hxg3 25. hxg3 Be5 26. Nc2 Bxg3 27. Rf1 Bxf2+
0-1

[Event "Prestwick Airport Major"]
[Site "Prestwick"]
[Date "2011.05.13"]
[Round "1"]
[White "Potts, David A"]
[Black "Baird, Clive H"]
[Result "0-1"]
[WhiteElo "1477"]
[BlackElo "1704"]
[PlyCount "66"]
[EventDate "2011.05.15"]
[EventRounds "5"]
[EventCountry "SCO"]

1. c4 Nf6 2. g3 d5 3. Bg2 g6 4. Nc3 c6 5. Qb3 dxc4 6. Qxc4 Bg7 7. d4 O-O 8. e4
Nbd7 9. e5 Nb6 10. Qd3 Bf5 11. Qd1 Nbd5 12. Nxd5 Nxd5 13. a3 Qa5+ 14. Bd2 Qb6
15. Bc3 Rad8 16. Ne2 Nxc3 17. bxc3 Bxe5 18. Qc1 Bf6 19. h4 h5 20. O-O e5 21.
dxe5 Bxe5 22. Nf4 Qc5 23. Nxh5 gxh5 24. Qg5+ Bg6 25. Rad1 Rxd1 26. Rxd1 Bd6 27.
Qxc5 Bxc5 28. Rd7 Rb8 29. a4 Bf5 30. Rd2 Be6 31. Rb2 Bd5 32. Bxd5 cxd5 33. Rb5
b6 0-1

[Event "Prestwick Airport Major"]
[Site "Prestwick"]
[Date "2011.05.13"]
[Round "1"]
[White "Thomas, Daniel R"]
[Black "Mulholland, Arthur L"]
[Result "1-0"]
[WhiteElo "1431"]
[BlackElo "1687"]
[PlyCount "97"]
[EventDate "2011.05.15"]
[EventRounds "5"]
[EventCountry "SCO"]

1. f4 d5 2. e3 Nf6 3. b3 c5 4. Bb2 e6 5. Nf3 Nc6 6. Nc3 Be7 7. Bb5 a6 8. Bxc6+
bxc6 9. Na4 Bb7 10. O-O O-O 11. Rb1 Qa5 12. Bc3 Qb5 13. Qe1 Ne4 14. Ng5 Nxc3
15. Nxc3 Qb6 16. Rf3 h6 17. Nh3 Qd8 18. e4 a5 19. d3 Ba6 20. Nf2 Rb8 21. Rd1
Bh4 22. Na4 Be7 23. Qc3 c4 24. dxc4 Bb4 25. Qe3 Qe7 26. exd5 cxd5 27. cxd5 exd5
28. Qxe7 Bxe7 29. Re3 Bd6 30. g3 Bb7 31. c4 Bc6 32. Nc3 d4 33. Red3 Bc5 34.
Nce4 Ba7 35. c5 a4 36. Rc1 axb3 37. axb3 Rb4 38. Ra1 Bb8 39. Rad1 Rd8 40. Nd2
Bb5 41. Nc4 Bxc4 42. Rxd4 Rxd4 43. Rxd4 Ba7 44. Rxc4 Rxb3 45. c6 Rb8 46. Kg2
Rc8 47. Ne4 Kf8 48. Nd6 Rc7 49. Nb5 1-0

[Event "Prestwick Airport Major"]
[Site "Prestwick"]
[Date "2011.05.13"]
[Round "1"]
[White "Thomas, Phil"]
[Black "Moore, Robin"]
[Result "1/2-1/2"]
[WhiteElo "1811"]
[BlackElo "1581"]
[PlyCount "44"]
[EventDate "2011.05.15"]
[EventRounds "5"]
[EventCountry "SCO"]

1. e4 c5 2. Nf3 Nc6 3. d4 cxd4 4. Nxd4 Nf6 5. f3 g6 6. c4 Bg7 7. Be3 O-O 8. Nc3
d6 9. Qd2 Bd7 10. Be2 a6 11. O-O Rc8 12. Rac1 Ne5 13. b3 Re8 14. Kh1 Qa5 15.
Rfd1 Nc6 16. Nc2 Qh5 17. Nd5 Nxd5 18. cxd5 Ne5 19. Nd4 f5 20. Bf4 fxe4 21. Rxc8
Rxc8 22. Bxe5 Qxe5 1/2-1/2

[Event "Prestwick Airport Major"]
[Site "Prestwick"]
[Date "2011.05.13"]
[Round "1"]
[White "Weir, J Len"]
[Black "Hilton, Steve H"]
[Result "1/2-1/2"]
[WhiteElo "1509"]
[BlackElo "1751"]
[PlyCount "53"]
[EventDate "2011.05.15"]
[EventRounds "5"]
[EventCountry "SCO"]

1. b4 a5 2. b5 Nf6 3. Bb2 g6 4. e3 Bg7 5. Nf3 O-O 6. c4 d6 7. Be2 e5 8. d3 Nbd7
9. O-O Re8 10. Nbd2 Qe7 11. Qc2 b6 12. Ne1 Bb7 13. f4 exf4 14. e4 Bh6 15. Nef3
Ne5 16. h3 Nfd7 17. Nd4 Nf8 18. N2f3 Bg7 19. a4 Ne6 20. Nd2 Qg5 21. Nxe6 Rxe6
22. d4 Nd7 23. Bd3 Ree8 24. Rae1 Rad8 25. Nf3 Qe7 26. Nd2 Qg5 27. Nf3 1/2-1/2

[Event "Prestwick Airport Major"]
[Site "Prestwick"]
[Date "2011.05.14"]
[Round "2"]
[White "Baird, Clive H"]
[Black "Deary, David"]
[Result "1/2-1/2"]
[WhiteElo "1704"]
[BlackElo "1530"]
[PlyCount "65"]
[EventDate "2011.05.15"]
[EventRounds "5"]
[EventCountry "SCO"]

1. e4 e5 2. Nf3 Nc6 3. Bc4 Bc5 4. c3 Nf6 5. d3 d6 6. Bg5 Bg4 7. Nbd2 Qd7 8. h3
Be6 9. O-O h6 10. Bxe6 fxe6 11. Bh4 g5 12. Bg3 Qg7 13. d4 exd4 14. cxd4 Bxd4
15. Nxd4 Nxd4 16. Qa4+ Nc6 17. Qb3 Nd4 18. Qa4+ Nd7 19. Rfe1 e5 20. Rac1 Nc6
21. Nc4 Nc5 22. Qd1 O-O 23. Ne3 Ne7 24. f3 Qf6 25. Ng4 Qe6 26. Bf2 h5 27. Ne3
Qxa2 28. Nc4 Ne6 29. Re3 Qa6 30. Ra3 Qb5 31. Rb3 Qa6 32. Ra3 Qb5 33. Rb3
1/2-1/2

[Event "Prestwick Airport Major"]
[Site "Prestwick"]
[Date "2011.05.14"]
[Round "2"]
[White "Calder, John"]
[Black "Potts, David A"]
[Result "1-0"]
[WhiteElo "1797"]
[BlackElo "1477"]
[PlyCount "55"]
[EventDate "2011.05.15"]
[EventRounds "5"]
[EventCountry "SCO"]

1. e4 c5 2. Nf3 d6 3. d4 cxd4 4. Nxd4 Nf6 5. Nc3 a6 6. h3 e6 7. g4 Be7 8. Be3
b5 9. Bg2 Bb7 10. g5 Nfd7 11. f4 b4 12. Nce2 Nc5 13. Ng3 Nc6 14. Nxc6 Bxc6 15.
Qd4 O-O 16. O-O-O Qa5 17. Nh5 f6 18. gxf6 Rxf6 19. e5 Bxg2 20. exf6 Nb3+ 21.
axb3 Qxh5 22. fxe7 Bxh1 23. Rxh1 Qf3 24. Rg1 g6 25. f5 Qxf5 26. Bh6 Qf7 27.
Qxd6 Re8 28. Bf8 1-0

[Event "Prestwick Airport Major"]
[Site "Prestwick"]
[Date "2011.05.14"]
[Round "2"]
[White "Connor, Michael I"]
[Black "Forbes, Graeme"]
[Result "1-0"]
[WhiteElo "1690"]
[BlackElo "1367"]
[PlyCount "103"]
[EventDate "2011.05.15"]
[EventRounds "5"]
[EventCountry "SCO"]

1. d4 Nf6 2. c4 e5 3. dxe5 Ng4 4. e4 Nxe5 5. f4 Nec6 6. Be3 d6 7. Nc3 Be7 8.
Nf3 Bg4 9. Be2 O-O 10. O-O Nd7 11. Qd2 Nb6 12. b3 Bf6 13. Rad1 Re8 14. h3 Bxf3
15. Bxf3 Rc8 16. Rfe1 g6 17. Bf2 Bg7 18. Nd5 Nd7 19. Qc2 b6 20. b4 Ne7 21. Bh4
f6 22. Nxe7+ Qxe7 23. Bg4 Rcd8 24. Qa4 Qf7 25. e5 Nf8 26. exd6 Rxe1+ 27. Bxe1
cxd6 28. Qc6 Qe7 29. Bf2 f5 30. Bf3 Ne6 31. Re1 Kf8 32. Bd5 Nd4 33. Rxe7 Nxc6
34. Rf7+ Ke8 35. Rxg7 Nxb4 36. Rg8+ Kd7 37. Rxd8+ Kxd8 38. Bg8 Nxa2 39. c5 Nc3
40. cxb6 axb6 41. Bxb6+ Kd7 42. g3 h6 43. Bh7 Nd5 44. Bd4 Ne7 45. Bg7 h5 46.
Bf8 Ke6 47. Bxe7 Kxe7 48. Bxg6 h4 49. g4 Kf6 50. Bxf5 d5 51. Kf2 d4 52. Ke2 1-0

[Event "Prestwick Airport Major"]
[Site "Prestwick"]
[Date "2011.05.14"]
[Round "2"]
[White "Curran, Andrew D"]
[Black "Rough, Robert E"]
[Result "1-0"]
[WhiteElo "1458"]
[BlackElo "1642"]
[PlyCount "49"]
[EventDate "2011.05.15"]
[EventRounds "5"]
[EventCountry "SCO"]

1. d4 Nf6 2. Nf3 g6 3. Nc3 d5 4. Bf4 c6 5. e3 Bg7 6. Be2 Nbd7 7. Ne5 O-O 8. Qd2
Nxe5 9. Bxe5 Nd7 10. Bxg7 Kxg7 11. h4 h6 12. O-O-O e5 13. dxe5 Nxe5 14. e4 Qf6
15. f4 Ng4 16. e5 Qe7 17. Rdf1 h5 18. Nd1 Qc5 19. Bxg4 Bxg4 20. Ne3 Qe7 21. f5
gxf5 22. Rxf5 Rh8 23. Nxg4 hxg4 24. Qf4 Raf8 25. Qxg4+ 1-0

[Event "Prestwick Airport Major"]
[Site "Prestwick"]
[Date "2011.05.14"]
[Round "2"]
[White "Gillespie, David M"]
[Black "Glen, Hamish"]
[Result "1/2-1/2"]
[WhiteElo "1844"]
[BlackElo "1587"]
[PlyCount "30"]
[EventDate "2011.05.15"]
[EventRounds "5"]
[EventCountry "SCO"]

1. e4 e6 2. d3 c5 3. Nd2 Nc6 4. g3 d6 5. Bg2 g6 6. Ne2 Bg7 7. O-O Nge7 8. c3
Qc7 9. f4 Bd7 10. Nf3 O-O 11. Be3 b6 12. Rc1 Rac8 13. d4 cxd4 14. Nfxd4 Nxd4
15. Bxd4 Bxd4+ 1/2-1/2

[Event "Prestwick Airport Major"]
[Site "Prestwick"]
[Date "2011.05.14"]
[Round "2"]
[White "King, Chris"]
[Black "O'Brien, Robert J"]
[Result "0-1"]
[WhiteElo "1140"]
[BlackElo "1566"]
[PlyCount "112"]
[EventDate "2011.05.15"]
[EventRounds "5"]
[EventCountry "SCO"]

1. d4 b5 2. e3 b4 3. f4 e6 4. Nf3 Nf6 5. Bd3 Bb7 6. c3 a5 7. Bd2 c5 8. O-O Nc6
9. Ne5 d6 10. Nxc6 Bxc6 11. Bc2 Be7 12. Ba4 Qc7 13. Bxc6+ Qxc6 14. Qf3 d5 15.
a3 bxa3 16. bxa3 c4 17. Be1 Ne4 18. f5 O-O 19. a4 Rab8 20. Qd1 exf5 21. Rxf5
Qe6 22. Re5 Qd7 23. Qc2 g6 24. Rxe4 dxe4 25. Qxe4 Qe6 26. Qxe6 fxe6 27. Nd2 Bg5
28. Bf2 Rb2 29. Ne4 Bh6 30. g4 Rfb8 31. Nf6+ Kh8 32. Rf1 Rb1 33. h4 Rxf1+ 34.
Kxf1 Rb1+ 35. Kg2 Ra1 36. g5 Bg7 37. Ne4 Kg8 38. Nc5 Kf7 39. Bg3 Ra3 40. Be1
Bf8 41. Kf3 Ra1 42. Bd2 Bxc5 43. dxc5 Ke7 44. Ke4 Rd1 45. Kd4 Rxd2+ 46. Kxc4
Rc2 47. c6 Kd6 48. Kd4 Kxc6 49. Ke5 Kd7 50. e4 Ke7 51. Kd4 Kd6 52. e5+ Kc6 53.
Kc4 Rh2 54. Kd3 Rxh4 55. c4 Rh5 56. Kd4 Rxg5 0-1

[Event "Prestwick Airport Major"]
[Site "Prestwick"]
[Date "2011.05.14"]
[Round "2"]
[White "Lampard, Alice"]
[Black "Malkin, Jamie"]
[Result "0-1"]
[WhiteElo "1357"]
[BlackElo "1618"]
[PlyCount "86"]
[EventDate "2011.05.15"]
[EventRounds "5"]
[EventCountry "SCO"]

1. e4 e5 2. Bc4 Nc6 3. Nf3 Bc5 4. c3 Nf6 5. d3 d6 6. h3 h6 7. Nbd2 a6 8. Bb3
O-O 9. O-O Kh8 10. Kh1 Nh7 11. Bc2 f5 12. exf5 Bxf5 13. Nb3 Ba7 14. Be3 Qf6 15.
Qe2 Bxh3 16. Nxe5 Bxg2+ 17. Kxg2 Nxe5 18. f4 Qg6+ 19. Kh1 Rf5 20. Bd1 Bxe3 21.
Qxe3 Ng4 22. Bxg4 Qxg4 23. Rf2 Nf6 24. Rg1 Qh4+ 25. Rh2 Qxf4 26. Qxf4 Rxf4 27.
Nd4 Re8 28. Rh3 Re5 29. Rhg3 Rf2 30. R1g2 Rf1+ 31. Rg1 Rh5+ 32. Kg2 Rxg1+ 33.
Kxg1 Re5 34. Kf2 c5 35. Nf3 Rf5 36. Ke3 Kh7 37. d4 b5 38. Nd2 c4 39. b3 d5 40.
bxc4 bxc4 41. Rg1 Nd7 42. Nb1 Rf6 43. Rg2 g5 0-1

[Event "Prestwick Airport Major"]
[Site "Prestwick"]
[Date "2011.05.14"]
[Round "2"]
[White "Lampard, Stuart"]
[Black "Birnie, Alan J"]
[Result "0-1"]
[WhiteElo "1347"]
[BlackElo "1699"]
[PlyCount "72"]
[EventDate "2011.05.15"]
[EventRounds "5"]
[EventCountry "SCO"]

1. e4 c6 2. d4 d5 3. e5 Bf5 4. Nc3 e6 5. Bd3 Bxd3 6. Qxd3 Qb6 7. Be3 Ne7 8. f3
Nd7 9. Nge2 c5 10. dxc5 Nxc5 11. Bxc5 Qxc5 12. Qb5+ Nc6 13. Qxc5 Bxc5 14. Nb5
O-O 15. f4 a6 16. Nbc3 b5 17. a3 Rfc8 18. Nd1 Bb6 19. c3 Na5 20. b4 Nc4 21. h4
a5 22. bxa5 Rxa5 23. Nd4 Nxa3 24. Ra2 Bxd4 25. cxd4 Nc2+ 26. Rxc2 Rxc2 27. O-O
Ra1 28. Nf2 Rxf1+ 29. Kxf1 Rc4 30. Ke2 Rxd4 31. Nd3 Rc4 32. g3 h5 33. Kd2 Kh7
34. Nb2 Kg6 35. Nxc4 bxc4 36. Ke3 Kf5 0-1

[Event "Prestwick Airport Major"]
[Site "Prestwick"]
[Date "2011.05.14"]
[Round "2"]
[White "Livie, George W G"]
[Black "Thomas, Daniel R"]
[Result "1/2-1/2"]
[WhiteElo "1618"]
[BlackElo "1431"]
[PlyCount "48"]
[EventDate "2011.05.15"]
[EventRounds "5"]
[EventCountry "SCO"]

1. c4 Nc6 2. g3 d5 3. Bg2 e6 4. Nf3 a6 5. cxd5 exd5 6. d4 Bb4+ 7. Bd2 f6 8. a3
Bxd2+ 9. Nbxd2 Nge7 10. b4 O-O 11. O-O Re8 12. Re1 Nf5 13. Nb3 b6 14. Qc2 Qd6
15. Rac1 Bd7 16. Bh3 Nfxd4 17. Nfxd4 Nxd4 18. Nxd4 Bxh3 19. Qxc7 Qxc7 20. Rxc7
Rec8 21. Rec1 Rxc7 22. Rxc7 Rc8 23. Rxc8+ Bxc8 24. f4 Kf7 1/2-1/2